000 00887nam a2200241 a 4500
005 20210223130208.0
008 070511s2006 mx r 000 0 spa d
020 _a9709835092
035 _aUPN01000150297
049 _aCG
050 4 _aPN4784 W3.7
_bG3.7
100 1 _aGaltung, Johan
245 1 0 _aReporteando conflictos :
_buna introducción al periodismo de paz /
_cJohan Galtung, Jake Lynch, Annabel Mc. Goldrick ; tr. y ed. Fernando Montiel T.
260 _aMéxico :
_bAriete, Montiel & Soriano :
_bTranscend,
_c2006.
300 _a271 p. :
_bcuadros
650 4 _aGUERRA -
_xCOBERTURA DE PRENSA
_96952
650 4 _aVIOLENCIA -
_xCOBERTURA DE PRENSA
_96951
650 4 _aCONFLICTO SOCIAL -
_xCOBERTURA DE PRENSA
_96950
650 4 _aMEDIOS MASIVOS DE COMUNICACION Y PAZ
_96978
700 1 _aLynch, Jake,
_ecoaut.
700 1 _aMc. Goldrick, Annabel,
_ecoaut.
905 _aLibro
999 _c122438
_d122438